Гидрогеохимия процессов аутигенного минералообразования на примере оксфордского регионального резервуара Надым-Тазовского междуречья; Современные проблемы седиментологии в нефтегазовом инжиниринге

Podrobná bibliografie
Parent link:Современные проблемы седиментологии в нефтегазовом инжиниринге.— 2017.— [С. 52-59]
Hlavní autor: Новиков Д. А.
Korporativní autor: Российская академия наук (РАН) Сибирское отделение (СО) Институт нефтегазовой геологии и геофизики им. А. А. Трофимука (ИНГГ)
Shrnutí:Заглавие с экрана
Впервые приведены материалы по численному физико-химическому моделированию взаимодействий в системе вода - горная порода на примере оксфордского регионального резервуара арктической зоны Западно-Сибирского мегабассейна. Установлено, что, несмотря на невысокую минерализацию подземных вод (до 67 г/дм{3}) и длительное взаимодействие их с горными породами (десятки, а возможно и сотни миллионов лет), равновесия с первичными (эндогенными) минералами альбитом, анортитом, микроклином практически не наблюдается. В то же время подземные воды равновесны с такими минералами как парагонит, маргарит, иллит, мусковит, Ca- и Na-монтмориллониты, каолинит и Mg-хлорит. На пути установления равновесия подземных вод с первичными алюмосиликатными минералами всегда выступает карбонатный барьер. Различия в составах подземных вод, равновесных с определёнными алюмосиликатами и карбонатами свидетельствуют о том, что минеральные новообразования формируются из раствора строго определённого химического состава в соответствующей геохимической среде.
Jazyk:ruština
Vydáno: 2017
Edice:Пленарные доклады
Témata:
On-line přístup:http://earchive.tpu.ru/handle/11683/43044
Médium: MixedMaterials Elektronický zdroj Kapitola
KOHA link:https://koha.lib.tpu.ru/cgi-bin/koha/opac-detail.pl?biblionumber=623827

MARC

LEADER 00000naa2a2200000 4500
001 623827
005 20231101133301.0
035 |a (RuTPU)RU\TPU\conf\22920 
035 |a RU\TPU\conf\22919 
090 |a 623827 
100 |a 20170921d2017 k y0rusy50 ca 
101 0 |a rus 
102 |a RU 
105 |a y z 101zy 
135 |a drcn ---uucaa 
181 0 |a i  
182 0 |a b 
200 1 |a Гидрогеохимия процессов аутигенного минералообразования на примере оксфордского регионального резервуара Надым-Тазовского междуречья  |f Д. А. Новиков 
203 |a Текст  |c электронный 
225 1 |a Пленарные доклады 
230 |a 1 компьютерный файл (pdf; 674 Кб) 
300 |a Заглавие с экрана 
320 |a [Библиогр.: с. 58-59 (11 назв.)] 
330 |a Впервые приведены материалы по численному физико-химическому моделированию взаимодействий в системе вода - горная порода на примере оксфордского регионального резервуара арктической зоны Западно-Сибирского мегабассейна. Установлено, что, несмотря на невысокую минерализацию подземных вод (до 67 г/дм{3}) и длительное взаимодействие их с горными породами (десятки, а возможно и сотни миллионов лет), равновесия с первичными (эндогенными) минералами альбитом, анортитом, микроклином практически не наблюдается. В то же время подземные воды равновесны с такими минералами как парагонит, маргарит, иллит, мусковит, Ca- и Na-монтмориллониты, каолинит и Mg-хлорит. На пути установления равновесия подземных вод с первичными алюмосиликатными минералами всегда выступает карбонатный барьер. Различия в составах подземных вод, равновесных с определёнными алюмосиликатами и карбонатами свидетельствуют о том, что минеральные новообразования формируются из раствора строго определённого химического состава в соответствующей геохимической среде. 
463 0 |0 (RuTPU)RU\TPU\conf\22907  |t Современные проблемы седиментологии в нефтегазовом инжиниринге  |o труды III Всероссийского научно‐практическогоседиментологического совещания, 10-12 апреля 2017 г., г. Томск  |f Национальный исследовательский Томский политехнический университет (ТПУ), Институт природных ресурсов (ИПР) ; гл. ред. О. С. Чернова  |v [С. 52-59]  |d 2017 
610 1 |a электронный ресурс 
610 1 |a гидрогеохимия 
610 1 |a вода-порода 
610 1 |a эволюция 
610 1 |a воды 
610 1 |a катагенез 
610 1 |a аутигенные минералы 
610 1 |a Надым-Тазовское междуречье 
700 1 |a Новиков  |b Д. А. 
712 0 2 |a Российская академия наук (РАН)  |b Сибирское отделение (СО)  |b Институт нефтегазовой геологии и геофизики им. А. А. Трофимука (ИНГГ)  |c (Новосибирск)  |c (2005- )  |2 stltpush  |3 (RuTPU)RU\TPU\col\11894 
801 2 |a RU  |b 63413507  |c 20171129  |g RCR 
856 4 |u http://earchive.tpu.ru/handle/11683/43044 
942 |c BK